A cow in the house, and nine other stories /

Na minha lista:
Detalhes bibliográficos
Autor principal: Kiely, Benedict, 1919-
Formato: Livro
Idioma:English
Publicado em: London : Gollancz, 1978.
Assuntos:
LEADER 01261nam a2200289 a 4500
001 c000112338
003 CARM
005 19991215124524.0
008 790201s1978 enk 000 1 eng
010 |a 78324611 //r942 
015 |a GB78-32506 
019 1 |a 1368339  |5 LACONCORD2021 
020 |a 0575025190 :  |c L.4.95 
035 |a (OCoLC)4475122  |5 LACONCORD2021 
040 |a LC  |b eng  |c LC  |d LC 
043 |a e-uk-ni 
050 0 |a PZ3.K547  |b Co  |a PR6021.I24 
082 0 0 |a 823/.9/14 
100 1 |a Kiely, Benedict,  |d 1919- 
245 1 2 |a A cow in the house, and nine other stories /  |c by Benedict Kiely. 
260 |a London :  |b Gollancz,  |c 1978. 
300 |a 191 p. ;  |c 21 cm. 
505 0 |a My contemplations are of time ....--Make straight for the shore.--There are meadows in Lanark.--Bluebell meadow.--A cow in the house.--The night we rode with Sarsfield.--The players and the kings.--The fairy women of Lisbellaw.--Elm Valley Valerie.--Near Banbridge town. 
651 0 |a Northern Ireland  |x Social life and customs  |x Fiction. 
852 8 |b CARM  |h A2:AG32A0  |i B03415  |p 0162292  |f BK 
999 f f |i 7178c742-23cc-50b5-91aa-c227aafc513e  |s 20d37800-f601-52f5-96e8-e52782d2b056 
952 f f |p Can circulate  |a CAVAL  |b CAVAL  |c CAVAL  |d CARM 1 Store  |e B03415  |f A2:AG32A0  |h Other scheme  |i book  |m 0162292